Videofashion collections. Volume 8, Episode 20, New York /

In this issue of Videofashion Collections, Thom Browne's eerily beautiful Fall 2015 collection tells the story of three girls who die of broken hearts and the well-dressed friends, all in black, who mourn them. Long and lean is the message at Narciso Rodriguez, with the designer influenced by I...

Full description

Bibliographic Details
Other Authors: Charney, Nicolas H. (Director), Lloyd, Emily (Producer)
Format: Video
Language:English
Language Notes:In English.
Published: New York, NY : Videofashion, 2015.
Series:Academic Video Online
Subjects:
Online Access:Connect to this streaming video (Alexander Street Press)

MARC

Tag First Indicator Second Indicator Subfields
LEADER 00000cgm a2200000Mi 4500
001 in00005570621
006 m o c
007 cr |n||||||||a
007 vz |za|z|
008 190111s2015 nyu025 e o vueng d
005 20241201231926.8
035 |a (OCoLC)on1084950622 
040 |a ALSTP  |b eng  |e rda  |c ALSTP  |d OCLCO  |d OCLCF  |d UPM  |d OCLCO  |d STF  |d OCLCO  |d OCLCL  |d OCLCQ  |d DXU 
019 |a 1373453396  |a 1443966633 
035 |a (OCoLC)1084950622  |z (OCoLC)1373453396  |z (OCoLC)1443966633 
049 |a TXAM 
245 0 0 |a Videofashion collections.  |n Volume 8, Episode 20,  |p New York /  |c [produced by Videofashion]. 
264 1 |a New York, NY :  |b Videofashion,  |c 2015. 
300 |a 1 online resource (25 minutes) 
306 |a 002403 
336 |a two-dimensional moving image  |b tdi  |2 rdacontent 
337 |a computer  |b c  |2 rdamedia 
337 |a video  |b v  |2 rdamedia 
338 |a online resource  |b cr  |2 rdacarrier 
347 |a video file  |2 rda 
490 0 |a Academic Video Online 
500 |a Title from resource description page (viewed January 11, 2019). 
520 |a In this issue of Videofashion Collections, Thom Browne's eerily beautiful Fall 2015 collection tells the story of three girls who die of broken hearts and the well-dressed friends, all in black, who mourn them. Long and lean is the message at Narciso Rodriguez, with the designer influenced by Indian maharajas which add subtle color and warmth in his designs. Plus, inspired by the Congo jungle, Christian Siriano takes us on a trip of fierce femininity, fun prints, and chic silhouettes! 
546 |a In English. 
650 0 |a Fashion. 
650 0 |a Fashion design. 
650 0 |a Fashion designers. 
650 0 |a Fashion shows. 
651 0 |a New York (N.Y.) 
650 6 |a Couturiers (Créateurs de mode) 
650 6 |a Présentations de collections (Mode) 
650 7 |a Fashion.  |2 fast  |0 (OCoLC)fst00921600 
650 7 |a Fashion design.  |2 fast  |0 (OCoLC)fst01200123 
650 7 |a Fashion designers.  |2 fast  |0 (OCoLC)fst00921628 
650 7 |a Fashion shows.  |2 fast  |0 (OCoLC)fst00921658 
651 7 |a New York (State)  |z New York.  |2 fast  |0 (OCoLC)fst01204333  |1 https://id.oclc.org/worldcat/entity/E39QbtfRvQh7864Jh4rDGBFDWc 
655 7 |a Documentary television programs.  |2 fast  |0 (OCoLC)fst01710387 
655 7 |a Documentary television programs.  |2 lcgft 
655 7 |a Documentaires télévisés.  |2 rvmgf 
700 1 |a Charney, Nicolas H.,  |e director. 
700 1 |a Lloyd, Emily,  |e producer. 
710 2 |a Videofashion Network,  |e production company. 
856 4 0 |u http://proxy.library.tamu.edu/login?url=https://www.aspresolver.com/aspresolver.asp?MARC;3322375  |z Connect to this streaming video (Alexander Street Press)  |t 0 
955 |a Alexander Street Press subscription streaming video 
994 |a 92  |b TXA 
999 f f |s f502866e-0e8a-4d28-ae91-da27b34e7dc0  |i 2f0aff1d-48fd-41ea-bc8c-97976176d11f  |t 0 
952 f f |a Texas A&M University  |b College Station  |c Electronic Resources  |d Available Online  |t 0  |h Library of Congress classification 
998 f f |t 0  |l Available Online